Biblioteca y Centro de Documentación

Estudios del impacto de la digitalización en la economía (Registro nro. 52636)

Detalles MARC
000 -CABECERA
Longitud fija campo de control 02206nam a2200517 c 4500
001 - NÚMERO DE CONTROL
Número de control 52636
003 - IDENTIFICADOR DE NÚMERO DE CONTROL
Identificador del número de control ES-MaCES
005 - FECHA Y HORA DE LA ÚLTIMA TRANSACCIÓN
Fecha y hora de la última transacción 20251115040005.0
007 - PHYSICAL DESCRIPTION FIXED FIELD--GENERAL INFORMAT
Campo fijo de descripción física cr |||||||||||
008 - CAMPO FIJO DE DESCRIPCIÓN FIJA--INFORMACIÓN GENERAL
Códigos de información de longitud fija   230119s2022 sp 100 ||spa d
017 ## - NÚMERO DE REGISTRO DE DERECHOS DE AUTOR Y DEPÓSITO LEGAL
Número de copyright o de depósito legal NA 338-2022
Agencia que asigna el número DL
020 ## - ISBN (INTERNATIONAL STANDARD BOOK NUMBER)
Número Internacional Normalizado para Libros (ISBN) 9788413916286
020 ## - ISBN (INTERNATIONAL STANDARD BOOK NUMBER)
Número Internacional Normalizado para Libros (ISBN) 9788413916309 (electrónico)
040 ## - FUENTE DE CATALOGACIÓN
Centro catalogador de origen ES-MaCES
Lengua de catalogación spa
Centro transcriptor ES-MaCES
111 2# - ENCABEZAMIENTO PRINCIPAL--NOMBRE DE REUNIÓN
9 (RLIN) 40598
Nombre de congreso o jurisdicción como elemento de entrada Congreso Latinoamericano Inteligencia Artificial y Economía digital, Desafíos Jurídicos y Económicos
Número del congreso o número de parte o sección de la obra
Fecha del congreso 2021
Sede del congreso Modalidad on line
245 10 - MENCIÓN DE TÍTULO
Título Estudios del impacto de la digitalización en la economía
Mención de responsabilidad, etc. [Recoge las ponencias presentadas al 1er Congreso Latinoamericano Inteligencia Artificial y Economía Digital : Desafíos Jurídicos y Económicos, celebrado del 13 al 15 de oct. de 2021, en modalidad online] ; César García Novoa, Mª Milagros Vivel Búa, dirs. ; autores, José Ramón Cardona ... [et al]
250 ## - MENCIÓN DE EDICIÓN
Mención de edición 1ª ed
260 ## - PUBLICACIÓN, DISTRIBUCIÓN, ETC (PIE DE IMPRENTA)
Lugar de publicación, distribución, etc. Cizur Menor (Navarra)
Nombre del editor, distribuidor, etc. Aranzadi-Thomson Reuters
Fecha de publicación, distribución, etc. 2022
300 ## - DESCRIPCIÓN FÍSICA
Extensión 428 p.
Dimensiones 24 cm
490 1# - MENCIÓN DE SERIE
Mención de serie Estudios
500 ## - NOTA GENERAL
Nota general Publicación en formato DÚO (papel + libro ectrónico). Disponible en formato electrónico mediante la aplicación PROVIEW
541 ## - NOTA DE LA FUENTE INMEDIANTE DE ADQUISICIÓN
Forma de adquisición Compra
650 #4 - ASIENTO SECUNDARIO DE MATERIA--TÉRMINO DE MATERIA
Término de materia o nombre geográfico como elemento inicial nuevas tecnologías
9 (RLIN) 30788
650 #4 - ASIENTO SECUNDARIO DE MATERIA--TÉRMINO DE MATERIA
Término de materia o nombre geográfico como elemento inicial automatización
9 (RLIN) 28248
650 #4 - ASIENTO SECUNDARIO DE MATERIA--TÉRMINO DE MATERIA
Término de materia o nombre geográfico como elemento inicial inteligencia artificial
9 (RLIN) 30166
650 #4 - ASIENTO SECUNDARIO DE MATERIA--TÉRMINO DE MATERIA
Término de materia o nombre geográfico como elemento inicial cambio tecnológico
9 (RLIN) 28236
650 #4 - ASIENTO SECUNDARIO DE MATERIA--TÉRMINO DE MATERIA
Término de materia o nombre geográfico como elemento inicial evaluación del impacto
9 (RLIN) 30732
650 #4 - ASIENTO SECUNDARIO DE MATERIA--TÉRMINO DE MATERIA
Término de materia o nombre geográfico como elemento inicial sector económico
9 (RLIN) 30015
650 #4 - ASIENTO SECUNDARIO DE MATERIA--TÉRMINO DE MATERIA
Término de materia o nombre geográfico como elemento inicial empresa
9 (RLIN) 28178
650 #4 - ASIENTO SECUNDARIO DE MATERIA--TÉRMINO DE MATERIA
Término de materia o nombre geográfico como elemento inicial estrategia empresarial
9 (RLIN) 30601
650 #4 - ASIENTO SECUNDARIO DE MATERIA--TÉRMINO DE MATERIA
Término de materia o nombre geográfico como elemento inicial economía colaborativa
9 (RLIN) 37923
650 #4 - ASIENTO SECUNDARIO DE MATERIA--TÉRMINO DE MATERIA
Término de materia o nombre geográfico como elemento inicial futuro del trabajo
9 (RLIN) 30756
650 #4 - ASIENTO SECUNDARIO DE MATERIA--TÉRMINO DE MATERIA
Término de materia o nombre geográfico como elemento inicial cambio social
9 (RLIN) 27286
650 #4 - ASIENTO SECUNDARIO DE MATERIA--TÉRMINO DE MATERIA
Término de materia o nombre geográfico como elemento inicial tributación
9 (RLIN) 28093
650 #4 - ASIENTO SECUNDARIO DE MATERIA--TÉRMINO DE MATERIA
Término de materia o nombre geográfico como elemento inicial administración fiscal
9 (RLIN) 27209
650 #4 - ASIENTO SECUNDARIO DE MATERIA--TÉRMINO DE MATERIA
Término de materia o nombre geográfico como elemento inicial mecanismo de control
9 (RLIN) 29918
650 #4 - ASIENTO SECUNDARIO DE MATERIA--TÉRMINO DE MATERIA
Término de materia o nombre geográfico como elemento inicial conferencia
9 (RLIN) 27013
653 10 - TÉRMINO DE INDEXACIÓN--NO CONTROLADO
Término no controlado Economía
700 1# - ENCABEZAMIENTO SECUNDARIO--NOMBRE PERSONAL
9 (RLIN) 13004
Nombre de persona García Novoa, César
Término indicativo de función dir.
700 1# - ENCABEZAMIENTO SECUNDARIO--NOMBRE PERSONAL
9 (RLIN) 40549
Nombre de persona Vivel Búa, María Milagros
Término indicativo de función dir.
700 1# - ENCABEZAMIENTO SECUNDARIO--NOMBRE PERSONAL
9 (RLIN) 40617
Nombre de persona Cardona, José Ramón
830 #0 - ENCABEZAMIENTO SECUNDARIO DE COLECCIÓN--TÍTULO UNIFORME
Título uniforme Estudios (Thomson Reuters-Aranzadi)
9 (RLIN) 34937
856 4# - ACCESO ELECTRÓNICO
Identificador Uniforme del Recurso (URI) https://miespacio.aranzadilaley.es/Account/Login
Texto del enlace Legalteca
902 ## - CES. TIPO DE DOCUMENTO
Tipodoc (006$c Sirtex) LIB Libro
942 ## - ELEMENTOS KOHA
Fuente de clasificaión o esquema Clasificación propia del CES
Koha [por defecto] tipo de item Monografías
Parte de clasificación Economía
Existencias
Número de registro Signatura completa Tipo de item de Koha
092990 SG-0.0.-810 Monografías
© CES, Consejo Económico y Social de España 2021